U.S. Cities named after non-U.S. places - Statistics

General Stats
  • This quiz has been taken 20 times
  • The average score is 48 of 123
Answer Stats
Context Origin # of cities Name % Correct
City France 9 Paris
100%
City Netherlands 12 Amsterdam
95%
CIty Egypt 5 Cairo
95%
City Portugal 21 Lisbon
95%
City Spain 7 Madrid
95%
City Italy 3 Rome
95%
City Greece 6 Athens
89%
City Germany 10 Berlin
89%
City England 4 London
89%
City Italy 7 Milan
89%
City Belgium 2 Brussels
84%
City Ireland 5 Dublin
84%
City Switzerland 6 Geneva
84%
City Russia 6 Moscow
84%
City Italy 5 Venice
84%
City Austria 6 Vienna
84%
CIty England 4 Birmingham
79%
City Scotland 3 Edinburgh/Edina
79%
City France 2 Lyon
79%
City England 3 Manchester
79%
City Italy 3 Naples
79%
City Japan 4 Tokyo/Tokio/Jeddo
79%
City Poland 5 Warsaw
79%
City China 2 Beijing/Pekin
74%
City Norway 2 Bergen
74%
City Scotland 3 Glasgow
74%
Country North America 2 Mexico
74%
City Belgium 2 Antwerp
68%
City Iraq 3 Baghdad
68%
City Serbia 4 Belgrade
68%
City Hungary 2 Budapest
68%
City India 4 Delhi
68%
City Italy 4 Genoa
68%
City Australia 3 Melbourne
68%
City Czech Republic 3 Prague
68%
City Netherlands 2 Rotterdam
68%
CIty Spain 2 Seville
68%
City Spain 4 Valencia
68%
City Switzerland 2 Bern
63%
City Belgium 4 Ghent
63%
Country South America 12 Peru
63%
City France 2 Bordeaux/Bardo
58%
CIty England 2 Bristol
58%
City Cuba 2 Havana
58%
City Egypt 7 Memphis
58%
City Colombia 3 Bogota
53%
City Indonesia 2 Jakarta/Batavia
53%
City Ukraine 2 Odessa
53%
City England 3 Plymouth
53%
City Northern Ireland 6 Derry/Londonderry
47%
City Saudi Arabia 2 Mecca
47%
City Saudi Arabia 2 Medina
47%
City China 2 Shanghai
47%
City Italy 4 Verona
47%
City (after historical event) Belgium 4 Waterloo
47%
City (ancient) modern-day Tunisia 3 Carthage
42%
City England 2 Oxford
42%
City Syria 2 Damascus
37%
City (ancient) modern-day Greece 2 Sparta
37%
City Canada 2 Toronto
37%
City Algeria 2 Algiers
32%
City France 3 Montpelier
32%
CIty (ancient) modern-day Turkey 7 Troy
32%
City Germany 2 Bremen
26%
City England 2 Dover
26%
City China 5 Guangzhou/Canton
26%
City Netherlands 2 Hague
26%
Country Asia 8 Lebanon
26%
City Spain 2 Malaga
26%
Country Europe 2 Italy
21%
Region Canada 2 Ontario
21%
City Italy 2 Parma
21%
City Poland 2 Poznan/Posen
21%
Country Europe 2 Sweden
21%
Country Africa 2 Angola
16%
Region Northern Ireland 2 Antrim
16%
Country Asia 3 Armenia
16%
Country Central America 3 Cuba
16%
City (ancient) modern-day Palestine 2 Hebron
16%
Region Latvia 2 Livonia
16%
Country Europe 2 Norway
16%
Country/Region Asia 3 Palestine
16%
Region Northern Ireland 2 Tyrone
16%
City Wales 2 Bangor
11%
City England 2 Brighton
11%
City France 2 Calais
11%
City (ancient) modern-day Palestine 2 Jericho/Jerico
11%
City Netherlands 3 Leiden/Leyden
11%
City Spain 2 Leon
11%
City Italy 3 Modena
11%
City France 3 Versailles
11%
City Ireland 2 Waterford
11%
Building/landmark Spain 2 Alhambra
5%
Region Netherlands 2 Friesland/Vriesland
5%
City Germany 2 Jena
5%
City Greece 2 Larissa
5%
City Finland 2 Vaasa/Wasas/Waasa
5%
Region Ireland 2 Wexford
5%
City England 2 Wilmington
5%
Region Netherlands 2 Zeeland
5%
City France 2 Bayonne
0%
City England 3 Brentwood
0%
City (historical event) Mexico 3 Buena Vista
0%
City Spain 3 Cadiz
0%
City Wales 2 Caernarfon/Arvon/Caernarvon
0%
Region Peru 2 Callao
0%
City England 2 Easton/Easton Neston
0%
City Netherlands 2 Harlingen
0%
City Czech Republic 2 Karlin
0%
City Czech Republic 2 Karlovy Vary/Karlsbad
0%
Region Argentina 2 La Plata
0%
City Italy 4 Lodi
0%
City England 3 Malvern/Malverne
0%
City Italy 2 Mantua
0%
City Germany 2 Marne
0%
City Mexico 2 Matamoros/Matamoras
0%
City Cuba 2 Matanzas
0%
City Netherlands 2 Middelburg/Middleborough
0%
City Bulgaria 2 Pleven/Plevna
0%
City Bolivia 3 Potosi
0%
City Ukraine 3 Sevastopol/Sebastopol
0%
City Finland 2 Toijala/Toivola
0%
City Belgium 2 Watervliet
0%
No matching quizzes found
Score Distribution
Percent of People with Each Score
Percentile by Number Answered
Your Score History
You have not taken this quiz